000 00401nam a2200145Ia 4500
008 230917s9999||||xx |||||||||||||| ||und||
040 _e59074
_aMAIN
041 _aEnglish
082 _a491.209 B436P
100 _aBenefey, Theodor
245 0 _aPractical grammar of the Sanskrit language: For the use of early students
260 _aDelhi
_bBharatiya
_c1979
300 _avii, 295 p.
942 _cBK
999 _c206928
_d206928